Statistics for Equipe de France Soccer Team 2013

Click here to take the quiz!

General Stats

  • This quiz has been taken 165 times
  • The average score is 28 of 45

Answer Stats

Position Club Player % Correct
GKTottenhamHugo Lloris
100%
GKMarseilleSteve Mandanda
95%
STReal MadridKarim Benzema
94%
DFManchester UnitedPatrice Evra
88%
MDBayern MunichFranck Ribéry
87%
DFReal MadridRaphaël Varane
87%
MDJuventus TurinPaul Pogba
87%
STArsenalOlivier Giroud
85%
DFArsenalLaurent Koscielny
84%
MDManchester CitySamir Nasri
83%
DFArsenalBacary Sagna
81%
MDNewcastleYohan Cabaye
80%
GKSaint-EtienneStéphane Ruffier
80%
Head Coach/Didier Deschamps
79%
MDParisBlaise Matuidi
79%
DFLiverpoolMamadou Sakho
79%
STLyonAlexandre Lacazette
76%
DFNewcastleMathieu Debuchy
76%
DFManchester CityGaël Clichy
75%
MDMarseilleMathieu Valbuena
72%
MDNewcastleMoussa Sissoko
68%
STMarseilleAndré-Pierre Gignac
67%
GKBastiaMickaël Landreau
66%
DFPortoEliaquim Mangala
61%
STParisJérémy Ménez
60%
DFValenciaAdil Rami
59%
MDLyonYoann Gourcuff
57%
MDMarseilleDimitri Payet
53%
MDLilleRio Mavuba
52%
DFValenciaJérémy Mathieu
50%
DFParisChristophe Jallet
50%
MDLyonClément Grenier
48%
DFMonacoEric Abidal
46%
MDNewcastleLoïc Rémy
39%
MDLyonMaxime Gonalons
39%
DFSaint-EtienneKurt Zouma
37%
MDTottenhamEtienne Capoue
34%
DFDynamo KievBenoît Trémoulinas
31%
MDMonacoGeoffrey Kondogbia
31%
DFNaplesAnthony Réveillère
31%
Asst Coach/Guy Stéphan
28%
DFMarseilleRod Fanni
27%
MDAtlético MadridJosuha Guilavogui
27%
DFNewcastleMapou Yanga-Mbiwa
26%
STRennesRomain Alessandrini
24%

Score Distribution

Percentile by Number Answered

Percent of People with Each Score

Your Score History

You have not taken this quiz